Países por lengua en 90 segundos - Estadísticas

Estadísticas generales
  • Esta prueba ha sido intentada 8.738 veces
    8.696 desde el último reinicio
  • La puntuación promedio es 151 de 196
Respuestas en el mapa
Las respuestas están codificadas por una escala verde-roja en el mapa de la prueba según el % correcto abajo.
 
Estadísticas de respuestas
Idioma País % Correcto
Aymara, Quechua, Español Bolivia
100%
Español, Francés, Portugués Guinea Ecuatorial
100%
Español México
100%
Aymara, Quechua, Español Perú
100%
Inglés Antigua y Barbuda
99%
Español Argentina
99%
Inglés Australia
99%
Inglés Bahamas
99%
Inglés Barbados
99%
Neerlandés, Francés, Alemán Bélgica
99%
Inglés Belice
99%
Inglés, Tswana Botsuana
99%
Inglés, Francés, Kirundi Burundi
99%
Inglés, Francés Camerún
99%
Inglés, Francés Canadá
99%
Árabe, Francés Chad
99%
Español Chile
99%
Español Colombia
99%
Árabe, Comorense, Francés Comoras
99%
Español Costa Rica
99%
Español Cuba
99%
Inglés Dominica
99%
Español Ecuador
99%
Español El Salvador
99%
Español España
99%
Inglés Estados Federados de Micronesia
99%
Inglés Estados Unidos
99%
Inglés, Suazi Esuatini
99%
Inglés, Filipino Filipinas
99%
Inglés, Fiyiano, Indostánico (Fiyi Hindi) Fiyi
99%
Inglés Gambia
99%
Inglés Ghana
99%
Inglés Granada
99%
Español Guatemala
99%
Inglés Guyana
99%
Español Honduras
99%
Inglés, Indostánico (Hindi) India
99%
Inglés, Irlandés Irlanda
99%
Inglés, Marshallense Islas Marshall
99%
Inglés Islas Salomón
99%
Inglés Jamaica
99%
Inglés, Swahili Kenia
99%
Inglés, Gilbertese Kiribati
99%
Inglés, Soto Lesoto
99%
Inglés Liberia
99%
Francés, Alemán, Luxemburgés Luxemburgo
99%
Chewa, Inglés Malaui
99%
Inglés, Maltés Malta
99%
Inglés Namibia
99%
Inglés, Nauruano Nauru
99%
Español Nicaragua
99%
Ingles Nigeria
99%
Inglés, Maorí Nueva Zelanda
99%
Inglés, Indostánico (Urdu) Pakistán
99%
Inglés, Palauano Palaos
99%
Español Panamá
99%
Inglés, Hiri Motu, Tok Pisin Papúa Nueva Guinea
99%
Guaraní, Español Paraguay
99%
Inglés Reino Unido
99%
Español República Dominicana
99%
Inglés, Francés Kinyarwanda, Swahili Ruanda
99%
Inglés, Samoano Samoa
99%
Inglés San Cristóbal y Nieves
99%
Inglés Santa Lucía
99%
Inglés San Vicente y las Granadinas
99%
Francés, Inglés, Criollo seychelles Seychelles
99%
Inglés Sierra Leona
99%
Chino (Mandarin), Inglés, Malayo, Tamil Singapur
99%
Afrikáans, Inglés,
Soto del norte,
Ndebele del sur,
Soto, Suazi, Tswana,
Tsonga, Venda, Xhosa, Zulú
Sudáfrica
99%
Árabe, Inglés Sudán
99%
Inglés Sudán del Sur
99%
Francés, Alemán, Italiano, Rumano Suiza
99%
Inglés, Swahili Tanzania
99%
Inglés, Tongano Tonga
99%
Inglés Trinidad y Tobago
99%
Inglés, Tuvaluano Tuvalu
99%
Inglés, Swahili Uganda
99%
Español Uruguay
99%
Bislama, Inglés, Francés Vanuatu
99%
Español Venezuela
99%
Árabe, Francés Yibuti
99%
Inglés, Ndebele del Norte, Shona Zimbabue
99%
Francés Benín
98%
Francés Burkina Faso
98%
Francés Costa de Marfil
98%
Francés Francia
98%
Francés Gabón
98%
Francés Guinea
98%
Francés, Criollo haitiano Haití
98%
Francés, Madagascarí Madagascar
98%
Francés Mónaco
98%
Francés Níger
98%
Francés, Sango República Centroafricana
98%
Francés República Democrática del Congo
98%
Francés Senegal
98%
Francés Togo
98%
Inglés Zambia
98%
Portugués Angola
97%
Bielorruso, Ruso Bielorrusia
97%
Portugués Brasil
97%
Portugués Cabo Verde
97%
Chino (Mandarin) China
97%
Portugués Guinea-Bissau
97%
Kazajo, Ruso Kazajistán
97%
Kirguís, Ruso Kirguistán
97%
Portugués Mozambique
97%
Portugués Portugal
97%
Francés República del Congo
97%
Ruso Rusia
97%
Portugués Santo Tomé y Príncipe
97%
Chino (Mandarin) Taiwán
97%
Portuguese, Tétum Timor Oriental
97%
Alemán Alemania
91%
Árabe Arabia Saudita
91%
Árabe, Beréber Argelia
91%
Alemán Austria
91%
Árabe Baréin
91%
Árabe Catar
91%
Árabe Egipto
91%
Árabe Emiratos Árabes Unidos
91%
Árabe, Kurdo Irak
91%
Árabe Jordania
91%
Árabe Kuwait
91%
Árabe Líbano
91%
Árabe Libia
91%
Alemán Liechtenstein
91%
Árabe, Beréber Marruecos
91%
Árabe Mauritania
91%
Árabe Omán
91%
Árabe Siria
91%
Árabe, Somalí Somalia
91%
Árabe Túnez
91%
Árabe Yemen
91%
Italiano Ciudad del Vaticano
88%
Italiano Italia
88%
Italiano San Marino
88%
Japonés Japón
81%
Griego, Turco Chipre
78%
Finés, Sueco Finlandia
78%
Sueco Suecia
76%
Noruego, Sami Noruega
74%
Turco Turquía
70%
Coreano Corea del Norte
63%
Coreano Corea del Sur
63%
Polaco Polonia
63%
Danés Dinamarca
62%
Ucraniano Ucrania
62%
Mongol Mongolia
57%
Griego Grecia
54%
Rumano (Moldavo) Moldavia
44%
Serbocroata (Bosnio, Croata, Serbio) Bosnia y Herzegovina
43%
Islandés Islandia
43%
Rumano Rumania
43%
Tailandés Tailandia
43%
Malayo (Indonesio) Indonesia
38%
Albanés, Serbocroata (Serbio) Kosovo
36%
Neerlandés Países Bajos
36%
Neerlandés Surinam
36%
Montenegrino Montenegro
33%
Serbocroata (Serbio) Serbia
33%
Persa Irán
30%
Persa (Tayik) Tayikistán
30%
Vietnamita Vietnam
30%
Croata Croacia
29%
Pastún, Persa (Dari) Afganistán
28%
Letón Letonia
28%
Checo República Checa
28%
Búlgaro Bulgaria
27%
Estonio Estonia
27%
Lituano Lituania
26%
Húngaro Hungría
23%
Malayo Brunéi
20%
Malayo Malasia
20%
Eslovaco Eslovaquia
17%
Esloveno Eslovenia
15%
Nepalí Nepal
14%
Albanés, Macedónio Macedonia del Norte
13%
Albanés Albania
11%
Armenio Armenia
9%
Jemer Camboya
9%
Georgiano Georgia
9%
Hebreo Israel
9%
Afa, Amárico, Oromo,
Somalí, Tigriña
Etiopía
8%
Lao Laos
8%
Uzbeko Uzbekistán
8%
Bengalí Bangladés
7%
Birmano Myanmar
7%
Catalan Andorra
4%
Azerbaijani Azerbaiyán
4%
Dzongkha Bután
3%
Cingalés, Tamil Sri Lanka
3%
Turcomano Turkmenistán
3%
Tigrinya Eritrea
1%
Maldivo Maldivas
1%
Bambara Malí
1%
Criollo mauriciano Mauricio
0%
No se encontraron pruebas coincidentes
Distribución de puntuación
Porcentaje de gente con cada puntuación
Porcentaje por número respondido
Historial de tus puntuaciones
No has intentado esta prueba desde el último reinicio